000 00837nam a22002652 4500
001 4352
003 BD-RjUL
005 20211208233857.0
008 770510s1960 enk 001 0 eng d
035 _aOCLC ocm02952596 from D980205M
_a(BD-RjUL)4387
040 _aSOI
_cSOI
_dEQO
_dBD-RjUL
_beng
041 _aeng
082 _2347.7
_bCAC
090 _aKD2079
_b.C47 1960
100 1 _aCharlesworth, J.
_q(John),
_d1893-1957.
_913779
245 1 0 _aCharlesworth's company law.
250 _a7th ed.,
260 _aLondon :
_bStevens,
_cc1960[impression1962]
300 _axxxvi, 424 p. ;
_c25 cm.
500 _aFirst published in 1932 under title: Principles of company law.
500 _aIncludes index.
650 0 _aCorporation law
_zGreat Britain.
_913492
700 1 _aCain, T. E.
_q(Thomas Ewan),
_d1926-.
_913780
942 _2ddc
_cBK
999 _c4352
_d4352